<?xml version="1.0" encoding="UTF-8"?>
<collection xmlns:xsi="http://www.w3.org/2001/XMLSchema-instance" xsi:schemaLocation="http://www.loc.gov/MARC21/slim http://www.loc.gov/standards/marcxml/schema/MARC21slim.xsd" xmlns="http://www.loc.gov/MARC21/slim">
 <record>
  <leader>00000cab a22000004cb4500</leader>
  <controlfield tag="001">IPP-00000656146</controlfield>
  <controlfield tag="003">IPP</controlfield>
  <controlfield tag="005">20230301134901.0</controlfield>
  <controlfield tag="008">230301s2022    xx     d | ||r |||||eng||</controlfield>
  <datafield tag="041" ind1="#" ind2="#">
   <subfield code="a">eng</subfield>
  </datafield>
  <datafield tag="100" ind1="1" ind2="#">
   <subfield code="a">Yang, Shi</subfield>
  </datafield>
  <datafield tag="245" ind1="1" ind2="0">
   <subfield code="a">Indigenous hues</subfield>
   <subfield code="b">the color categories and symbolisms of the Alangan-Mangyan</subfield>
  </datafield>
  <datafield tag="264" ind1="#" ind2="1">
   <subfield code="c">2022</subfield>
  </datafield>
  <datafield tag="300" ind1="#" ind2="#">
   <subfield code="b">bibliography</subfield>
  </datafield>
  <datafield tag="520" ind1="#" ind2="#">
   <subfield code="a">This article is based on firsthand fieldwork materials and interprets the color categories and their symbolic meanings in local rituals as practiced by the Alangan-Mangyan. The Alangan people have three basic color terms: black (maksengen), white (mabuksi), and red (malimbaen). Their color categories originate from the local tropical forest environment and their shifting cultivation practices, and they are utilized in their rituals and supernatural healing practices. These three basic color terms and the corresponding derivative words are deeply embedded in the construction of symbols in the Alangan's local knowledge and even carry interesting meanings.</subfield>
  </datafield>
  <datafield tag="650" ind1="1" ind2="0">
   <subfield code="a">Alangan (Philippine people)</subfield>
  </datafield>
  <datafield tag="650" ind1="2" ind2="0">
   <subfield code="a">Color</subfield>
   <subfield code="x">Terminology</subfield>
  </datafield>
  <datafield tag="650" ind1="2" ind2="0">
   <subfield code="a">Visual perception</subfield>
  </datafield>
  <datafield tag="773" ind1="0" ind2="#">
   <subfield code="t">Philippine Studies: Historical and Ethnographic Viewpoints</subfield>
   <subfield code="g">Vol. 70, no. 4 (Dec. 2022), 517-538</subfield>
  </datafield>
  <datafield tag="852" ind1="#" ind2="#">
   <subfield code="a">UPD</subfield>
   <subfield code="b">DMLP</subfield>
  </datafield>
  <datafield tag="942" ind1="#" ind2="#">
   <subfield code="a">Article</subfield>
  </datafield>
  <datafield tag="950" ind1="#" ind2="#">
   <subfield code="a">FI</subfield>
  </datafield>
 </record>
</collection>
